A Mariner's tale / (Record no. 6784)
[ view plain ]
| 000 -LEADER | |
|---|---|
| fixed length control field | 02543nam a22002657a 4500 |
| 001 - CONTROL NUMBER | |
| control field | 6784 |
| 003 - CONTROL NUMBER IDENTIFIER | |
| control field | FISKH |
| 005 - DATE AND TIME OF LATEST TRANSACTION | |
| control field | 20250528102618.0 |
| 008 - FIXED-LENGTH DATA ELEMENTS--GENERAL INFORMATION | |
| fixed length control field | 250528b cb ||||| |||| 00| 0 eng d |
| 020 ## - INTERNATIONAL STANDARD BOOK NUMBER | |
| International Standard Book Number | 9780764195532 |
| 040 ## - CATALOGING SOURCE | |
| Original cataloging agency | FISKH |
| Language of cataloging | eng |
| Transcribing agency | FISKH |
| Modifying agency | FISKH |
| 050 ## - LIBRARY OF CONGRESS CALL NUMBER | |
| Classification number | G540.S75 |
| 082 ## - DEWEY DECIMAL CLASSIFICATION NUMBER | |
| Classification number | 910.45 |
| 100 ## - MAIN ENTRY--PERSONAL NAME | |
| Personal name | Steele, Philip |
| 245 ## - TITLE STATEMENT | |
| Title | A Mariner's tale / |
| Statement of responsibility, etc. | Written by Philip Steele |
| 260 ## - PUBLICATION, DISTRIBUTION, ETC. | |
| Place of publication, distribution, etc. | New York : |
| Name of publisher, distributor, etc. | Barron's Educational Series, Inc , |
| Date of publication, distribution, etc. | 2009. |
| 300 ## - PHYSICAL DESCRIPTION | |
| Extent | 29 pages : |
| Other physical details | color illustrations , maps ; |
| Dimensions | 26 cm . |
| 520 ## - SUMMARY, ETC. | |
| Summary, etc. | Beautiful two-page spreads introduce young readers to the history of the world's mariners and their most memorable sea voyages. Here are the ships, the men, the trade routes they established, and their voyages of discovery. A few of the book's illustrated entries include-- Phoenician sea traders (1300 B.C. to 140 B.C.) who plied the Mediterranean and ultimately extended their voyages to Britain in the west, and India in the east The Vikings of Scandinavia (1st Millennium A.D.), who colonized Greenland and Iceland, explored the North American coastline, and raided and traded along the European coast from France to Constantinople China's Ming Dynasty treasure trading ships (4th Century B.C. to circa 1190 A.D.), which were first to use the compass, a ship's rudder, and multiple masts with fore and aft rigging The 15th- and 16th-century European voyages of global exploration by Vasco da Gama, Christopher Columbus, Ferdinand Magellan, Francis Drake, and others The voyages of British Naval Captain James Cook (1760s and 1770s) and his exploration of the south seas, the East Indies, Australia, and Easter Island The handsomely illustrated spreads have miniature maps, lift-flaps, and attached miniature booklets presenting added facts about voyagers and exploration. A slide-out drawer built into the book's sturdy back cover contains a working model ship's compass, a pair of lenses to construct a small telescope, a cardboard model of Captain Cook's sailing ship Endeavor to assemble, and a miniature rope for practicing sailors' knots. The book's back-cover endpaper displays an antique map of the Western Hemisphere, and when the slide-out drawer is opened, a tab that pictures a sailing ship glides across the map's surface. Brilliant color illustrations on every page. |
| 650 ## - SUBJECT ADDED ENTRY--TOPICAL TERM | |
| Topical term or geographic name entry element | Explorers |
| Form subdivision | Non-fiction |
| 700 ## - ADDED ENTRY--PERSONAL NAME | |
| Personal name | Veres, Lazlo |
| Relator term | Illustrator |
| 700 ## - ADDED ENTRY--PERSONAL NAME | |
| Personal name | Harris, Nick |
| Relator term | Illustrator |
| 700 ## - ADDED ENTRY--PERSONAL NAME | |
| Personal name | Sanders , Martin |
| Relator term | Illustrator |
| 942 ## - ADDED ENTRY ELEMENTS (KOHA) | |
| Source of classification or shelving scheme | Dewey Decimal Classification |
| Koha item type | Books |
| Suppress in OPAC | No |
| Withdrawn status | Lost status | Source of classification or shelving scheme | Damaged status | Not for loan | Collection | Home library | Current library | Shelving location | Date acquired | Total Checkouts | Full call number | Barcode | Date last seen | Copy number | Price effective from | Koha item type |
|---|---|---|---|---|---|---|---|---|---|---|---|---|---|---|---|---|
| Dewey Decimal Classification | Non-Fiction | Footprints International School Library Network Toul Kork Campus | Footprints International School Library Network Toul Kork Campus | A TK Campus, 4th Floor, Room B401, Non-Fiction Bookcases(7-8) | 08/27/2025 | STE 910.45 G540.S75 | 2025-4263 | 08/27/2025 | 2 | 08/27/2025 | Books | |||||
| Dewey Decimal Classification | Non-Fiction | Footprints International School Library Network Toul Tom Poung Campus | Footprints International School Library Network Toul Tom Poung Campus | TTP Secondary Non-Fiction Bookshelves | 05/28/2025 | STE 910.45 G540.S75 | 2025-1421 | 05/28/2025 | 1 | 05/28/2025 | Books |
